Derecho administrativo (Record no. 119876)

MARC details
000 -LEADER
campo de control de longitud fija 00606nam a2200181 i 4500
001 - NÚMERO DE CONTROL
campo de control 119876
003 - IDENTIFICADOR DE NÚMERO DE CONTROL
campo de control ES-MaACL
005 - FECHA Y HORA DE LA ÚLTIMA TRANSACCIÓN
campo de control 20250808081322.0
007 - CAMPO FIJO DE DESCRIPCIÓN FÍSICA--INFORMACIÓN GENERAL
campo de control de longitud fija t|
008 - DATOS DE LONGITUD FIJA--INFORMACIÓN GENERAL
campo de control de longitud fija 070214s1941 sp r ||||1| spa d
100 1# - ENTRADA PRINCIPAL--NOMBRE DE PERSONA
Nombre de persona Pérez del Río y Valdepares, Luis.
9 (RLIN) 90824
245 10 - MENCIÓN DEL TÍTULO
Título Derecho administrativo
Resto del título : obra adaptada al programa de registros /
Mención de responsabilidad, etc. redactada por Luis Pérez del Río y Valdepares.
260 ## - PUBLICACIÓN, DISTRIBUCIÓN, ETC.
Lugar de publicación, distribución, etc. Madrid :
Nombre del editor, distribuidor, etc. Reus,
Fecha de publicación, distribución, etc. 1941.
300 ## - DESCRIPCIÓN FÍSICA
Extensión 73 p. ;
Dimensiones 23 cm.
650 #7 - PUNTO DE ACCESO ADICIONAL DE MATERIA--TÉRMINO DE MATERIA
Término de materia o nombre geográfico como elemento de entrada Derecho administrativo-
Subdivisión geográfica España
Fuente del encabezamiento o término
9 (RLIN) 145992
852 ## - LOCALIZACIÓN
Ubicación ES-MaACL
Número de control de estantería 1830-F-1
Sublocalización o colección R.18745
Holdings
Estatus retirado Estado de pérdida Estado de daño No para préstamo Colección Biblioteca de origen Biblioteca actual Ubicación en estantería Fecha de adquisición Fuente de adquisición Total de préstamos Signatura topográfica completa Código de barras Visto por última vez Precio de reemplazo Tipo de ítem Koha
        Colección de folletos Biblioteca del Ateneo de Madrid Biblioteca del Ateneo de Madrid Depósito folletos 17/01/2008     1830-F-1 1124950 23/02/2023 23/02/2023 Folleto